|
|
|
|
| LEADER |
01129nam a2200241 a 4500 |
| 001 |
GR-MES2183 |
| 008 |
991111s1995 gr 000 0 gre d |
| 020 |
|
|
|a 9604051660
|
| 040 |
|
|
|a GrPaTEI
|b gre
|c GR-PaULI
|
| 245 |
0 |
0 |
|a Βιομηχανικοί αυτοματισμοί και προγραμματιζόμενοι λογικοί ελεγκτές (PLC).
|
| 250 |
|
|
|a 5η εκδ.
|
| 260 |
|
|
|a Αθήνα :
|b Ιων,
|c 1995
|
| 300 |
|
|
|a 217σελ. :
|b πιν.,διαγρ.
|
| 650 |
|
0 |
|a PLC
|
| 650 |
|
4 |
|a ΒΙΟΜΗΧΑΝΙΚΟΣ ΑΥΤΟΜΑΤΙΣΜΟΣ
|
| 700 |
1 |
|
|a Δασκαλοπούλου, Ε.
|
| 700 |
1 |
|
|a Κρανά, Γ.
|
| 710 |
0 |
|
|a Ιων
|
| 942 |
|
|
|2 ddc
|
| 952 |
|
|
|0 0
|1 0
|2 ddc
|4 0
|6 621_310000000000000_ΚΡΑ
|7 0
|9 266504
|a MSLG
|b MSLG
|c BSC
|d 2021-01-17
|e 24
|f 0
|g 0.00
|l 0
|o 621.31 ΚΡΑ
|p 2420000007190
|r 2021-01-17 00:00:00
|t 1
|w 2021-01-17
|y BK15
|x 19991111 0 1
|x GrPaTEI
|
| 952 |
|
|
|0 0
|1 0
|2 ddc
|4 0
|6 621_310000000000000_ΚΡΑ
|7 0
|9 266505
|a MSLG
|b MSLG
|c BSC
|d 2021-01-17
|e 24
|f 0
|g 0.00
|l 0
|o 621.31 ΚΡΑ
|p 99242000028209
|r 2021-01-17 00:00:00
|t 2
|w 2021-01-17
|y BK15
|x GrPaTEI
|
| 971 |
|
|
|a .b25732274
|b 15-04-20
|c 13-09-16
|
| 999 |
|
|
|c 153326
|d 153326
|